[Event "Titled Tuesday intern op 16th June"]
[Site "Chess.com INT"]
[Date "2020.06.16"]
[Round "1"]
[White "Ismagambetov, Anuar"]
[Black "Sanchez Alvarez, Kelvin Antonio"]
[Result "1-0"]
[WhiteElo "2528"]
[BlackElo "2250"]
[PlyCount "81"]
[EventDate "2020.06.16"]
[EventType "swiss (blitz)"]
[EventRounds "10"]
[EventCountry "USA"]
[SourceTitle "EXT 2021"]
[Source "ChessBase"]
[SourceDate "2020.10.23"]
[SourceVersion "1"]
[SourceVersionDate "2020.10.23"]
[SourceQuality "1"]

1. e4 c5 2. Nf3 d6 3. d4 cxd4 4. Nxd4 Nf6 5. Nc3 g6 6. Be3 Bg7 7. f3 0-0 8. Qd2 Nc6 9. Bc4 Ne5 10. Be2 Bd7 11. h4 h5 12. 0-0-0 Rc8 13. Kb1 Qa5 14. Bg5 Rxc3 15. Qxc3 Qxc3 16. bxc3 Rc8 17. Kb2 a6 18. Be3 Nc4+ 19. Bxc4 Rxc4 20. Nb3 b5 21. Bd4 e5 22. Be3 d5 23. exd5 e4 24. Bd4 Bf5 25. Rhe1 exf3 26. gxf3 Nd7 27. Bxg7 Kxg7 28. Rd4 Rc8 29. d6 Nb6 30. Re7 Nc4+ 31. Kc1 Rd8 32. d7 Kf8 33. Re1 Rxd7 34. Nc5 Ra7 35. Rd8+ Kg7 36. Ree8 a5 37. Rb8 Na3 38. Ne4 Bxe4 39. fxe4 Rc7 40. e5 Rxc3 41. Rg8+ 1-0

[Event "Titled Tuesday intern op 16th June"]
[Site "Chess.com INT"]
[Date "2020.06.16"]
[Round "3"]
[White "Sanchez Alvarez, Kelvin Antonio"]
[Black "Saydaliev, Saidakbar"]
[Result "0-1"]
[WhiteElo "2250"]
[BlackElo "2384"]
[PlyCount "82"]
[EventDate "2020.06.16"]
[EventType "swiss (blitz)"]
[EventRounds "10"]
[EventCountry "USA"]
[SourceTitle "EXT 2021"]
[Source "ChessBase"]
[SourceDate "2020.10.23"]
[SourceVersion "1"]
[SourceVersionDate "2020.10.23"]
[SourceQuality "1"]

1. d4 Nf6 2. c4 c5 3. d5 e6 4. Nc3 g6 5. e4 d6 6. f3 Bg7 7. Bg5 0-0 8. Qd2 a6 9. a4 Re8 10. dxe6 Bxe6 11. Bd3 Nc6 12. Nge2 Qa5 13. Nd5 Bxd5 14. cxd5 Nb4 15. 0-0 Nd7 16. Nc3 Nxd3 17. Qxd3 Qb4 18. Rab1 Ne5 19. Qc2 Nc4 20. Kh1 b5 21. Na2 Qa5 22. Bf4 Red8 23. Bg5 Rd7 24. Qc1 Qxa4 25. b3 Qxa2 26. bxc4 Qxc4 27. Qxc4 bxc4 28. Rfc1 c3 29. Rb3 a5 30. Ra3 a4 31. Bf4 Bd4 32. g4 Kf8 33. Kg2 Ke7 34. Kf1 Rb7 35. Ke2 Rb3 36. Raa1 a3 37. Be3 a2 38. Bxd4 cxd4 39. Kd3 Ra4 40. Rc2 Rb2 41. Rcc1 Rd2# 0-1

[Event "Titled Tuesday intern op 16th June"]
[Site "Chess.com INT"]
[Date "2020.06.16"]
[Round "8"]
[White "Shkapenko, Pavel"]
[Black "Sanchez Alvarez, Kelvin Antonio"]
[Result "1-0"]
[WhiteElo "2424"]
[BlackElo "2250"]
[PlyCount "37"]
[EventDate "2020.06.16"]
[EventType "swiss (blitz)"]
[EventRounds "10"]
[EventCountry "USA"]
[SourceTitle "EXT 2021"]
[Source "ChessBase"]
[SourceDate "2020.10.23"]
[SourceVersion "1"]
[SourceVersionDate "2020.10.23"]
[SourceQuality "1"]

1. e4 c5 2. c3 d5 3. exd5 Qxd5 4. d4 Nf6 5. Nf3 Bg4 6. Be2 e6 7. 0-0 Nc6 8. h3 Bh5 9. Be3 cxd4 10. cxd4 Be7 11. Nc3 Qd6 12. Qb3 Qb4 13. g4 Bg6 14. Ne5 Nxd4 15. Bxd4 Qxd4 16. Qb5+ Kf8 17. Qxb7 Be4 18. Nxe4 Qxe4 19. Nd7+ 1-0

[Event "Titled Tuesday intern op 19th May"]
[Site "Chess.com INT"]
[Date "2020.05.19"]
[Round "5"]
[White "Basso, Pier Luigi"]
[Black "Sanchez Alvarez, Kelvin Antonio"]
[Result "1-0"]
[WhiteElo "2596"]
[BlackElo "2250"]
[PlyCount "101"]
[EventDate "2020.05.19"]
[EventType "swiss (blitz)"]
[EventRounds "10"]
[EventCountry "USA"]
[SourceTitle "EXT 2021"]
[Source "ChessBase"]
[SourceDate "2020.10.23"]
[SourceVersion "1"]
[SourceVersionDate "2020.10.23"]
[SourceQuality "1"]

1. d4 Nf6 2. c4 g6 3. Nc3 Bg7 4. e4 d6 5. f3 0-0 6. Nge2 c5 7. d5 e6 8. Ng3 exd5 9. cxd5 a6 10. a4 Qa5 11. Be2 b5 12. 0-0 b4 13. Nb1 Re8 14. Nd2 Qc7 15. a5 Bd7 16. Nc4 Bb5 17. Nb6 Ra7 18. Bf4 Nbd7 19. Nc4 Bxc4 20. Bxc4 Ne5 21. Bxe5 Rxe5 22. b3 h5 23. Ra2 h4 24. Nh1 Nh5 25. Qe1 Qe7 26. Nf2 Nf4 27. Nd3 Nxd3 28. Bxd3 Rh5 29. f4 Bd4+ 30. Kh1 Kg7 31. Re2 f6 32. Bc4 Bc3 33. Qd1 Rh8 34. Re3 Qd8 35. Qg4 Qd7 36. Qf3 Qd8 37. Rxc3 bxc3 38. Qxc3 Qe7 39. Re1 Raa8 40. e5 fxe5 41. fxe5 Rhe8 42. exd6+ Qf6 43. Qxf6+ Kxf6 44. Re6+ Rxe6 45. dxe6 Rd8 46. e7 Rb8 47. h3 g5 48. Bxa6 Ke6 49. Bb5 Kxd6 50. e8Q Rxe8 51. Bxe8 1-0

[Event "Titled Tuesday intern op 19th May"]
[Site "Chess.com INT"]
[Date "2020.05.19"]
[Round "9"]
[White "Stojanovski, Sandi"]
[Black "Sanchez Alvarez, Kelvin Antonio"]
[Result "0-1"]
[WhiteElo "2232"]
[BlackElo "2250"]
[PlyCount "140"]
[EventDate "2020.05.19"]
[EventType "swiss (blitz)"]
[EventRounds "10"]
[EventCountry "USA"]
[SourceTitle "EXT 2021"]
[Source "ChessBase"]
[SourceDate "2020.10.23"]
[SourceVersion "1"]
[SourceVersionDate "2020.10.23"]
[SourceQuality "1"]

1. c4 Nf6 2. g3 g6 3. Bg2 Bg7 4. Nc3 0-0 5. e4 d6 6. Nge2 c5 7. 0-0 Nc6 8. d3 a6 9. Bg5 Rb8 10. a4 h6 11. Be3 Ng4 12. Bd2 Nd4 13. Nxd4 cxd4 14. Ne2 b5 15. cxb5 axb5 16. a5 e5 17. h3 Nf6 18. f4 Nd7 19. f5 Nc5 20. Qc2 b4 21. Nc1 Ba6 22. Rf3 Rb5 23. Nb3 Re8 24. Nxc5 Rxc5 25. Qb3 gxf5 26. Rxf5 Re6 27. Raf1 Rc7 28. Rxf7 Rxf7 29. Qxe6 Qe7 30. Qxf7+ Qxf7 31. Rxf7 Kxf7 32. Bxb4 Bxd3 33. Bxd6 Ke6 34. Bb4 Bf6 35. h4 h5 36. Kf2 Bg7 37. Bh3+ Kf6 38. Bg2 Bh6 39. Bf1 Be3+ 40. Kf3 Bxf1 41. Bc5 Bb5 42. b4 Bd2 43. Kf2 Bc3 44. Kf3 d3 45. Be3 d2 46. Bxd2 Bxd2 47. a6 Bxb4 48. g4 hxg4+ 49. Kxg4 Bxa6 50. h5 Bc8+ 51. Kh4 Bf8 52. Kg3 Bh6 53. Kh4 Bg5+ 54. Kg3 Bf4+ 55. Kf3 Kg5 56. h6 Kxh6 57. Ke2 Kg5 58. Kf3 Bg4+ 59. Kf2 Bc1 60. Ke1 Kf4 61. Kf1 Kf3 62. Ke1 Ke3 63. Kf1 Bf3 64. Ke1 Bd2+ 65. Kf1 Kf4 66. Kf2 Bc3 67. Kf1 Kg3 68. Kg1 Be2 69. Kh1 Bd2 70. Kg1 Be3+ 0-1

[Event "Titled Tuesday intern op 19th May"]
[Site "Chess.com INT"]
[Date "2020.05.19"]
[Round "10"]
[White "Zubritskiy, Artyom"]
[Black "Sanchez Alvarez, Kelvin Antonio"]
[Result "1-0"]
[WhiteElo "2442"]
[BlackElo "2250"]
[PlyCount "45"]
[EventDate "2020.05.19"]
[EventType "swiss (blitz)"]
[EventRounds "10"]
[EventCountry "USA"]
[SourceTitle "EXT 2021"]
[Source "ChessBase"]
[SourceDate "2020.10.23"]
[SourceVersion "1"]
[SourceVersionDate "2020.10.23"]
[SourceQuality "1"]

1. e4 c5 2. d4 cxd4 3. c3 dxc3 4. Nxc3 e6 5. Nf3 a6 6. Bc4 b5 7. Bb3 Bb7 8. 0-0 d6 9. Bf4 Nc6 10. Qe2 Qb6 11. Rfd1 Rd8 12. Nd5 exd5 13. exd5+ Nce7 14. Re1 Rd7 15. a4 h6 16. Be3 Qd8 17. axb5 axb5 18. Qxb5 Nf6 19. Bb6 Qb8 20. Nd4 Bxd5 21. Nc6 Bxc6 22. Qxc6 Qb7 23. Ra8+ 1-0

[Event "Titled Tuesday intern op 21st April"]
[Site "Chess.com INT"]
[Date "2020.04.21"]
[Round "9"]
[White "Sanchez Alvarez, Kelvin Antonio"]
[Black "Hakemi, Arman"]
[Result "0-1"]
[WhiteElo "2250"]
[BlackElo "2316"]
[PlyCount "55"]
[EventDate "2020.04.21"]
[EventType "swiss (blitz)"]
[EventRounds "10"]
[EventCountry "USA"]
[SourceTitle "EXT 2021"]
[Source "ChessBase"]
[SourceDate "2020.10.23"]
[SourceVersion "1"]
[SourceVersionDate "2020.10.23"]
[SourceQuality "1"]

1. d4 Nf6 2. c4 e6 3. Nf3 b6 4. g3 Ba6 5. Qc2 Bb7 6. Bg2 c5 7. d5 exd5 8. cxd5 Bxd5 9. 0-0 Be7 10. Nc3 Bc6 11. e4 d6 12. Rd1 Qc7 13. Bf4 0-0 14. e5 dxe5 15. Nxe5 Bxg2 16. Kxg2 Qb7+ 17. Kg1 Nc6 18. Qe2 Nd4 19. Qc4 Bd6 20. Nxf7 Rxf7 21. Bxd6 Nf3+ 22. Kf1 Nxh2+ 23. Kg1 Nf3+ 24. Kf1 Re8 25. Nd5 Re1+ 26. Rxe1 Nd2+ 27. Kg1 Nxc4 28. Ne7+ 0-1

[Event "Titled Tuesday intern op 14th April"]
[Site "Chess.com INT"]
[Date "2020.04.14"]
[Round "3"]
[White "Sanchez Alvarez, Kelvin Antonio"]
[Black "Nogerbek, Kazybek"]
[Result "0-1"]
[WhiteElo "2250"]
[BlackElo "2328"]
[PlyCount "58"]
[EventDate "2020.04.14"]
[EventType "swiss (blitz)"]
[EventRounds "10"]
[EventCountry "USA"]
[SourceTitle "EXT 2021"]
[Source "ChessBase"]
[SourceDate "2020.10.23"]
[SourceVersion "1"]
[SourceVersionDate "2020.10.23"]
[SourceQuality "1"]

1. d4 Nf6 2. c4 e6 3. Nf3 d5 4. Nc3 Be7 5. Bg5 0-0 6. e3 h6 7. Bxf6 Bxf6 8. Qc2 c6 9. h4 g6 10. g4 Bg7 11. h5 g5 12. Ne5 Nd7 13. f4 Nxe5 14. dxe5 d4 15. 0-0-0 c5 16. Ne4 f6 17. exf6 Bxf6 18. Nxc5 Qe7 19. Qg6+ Qg7 20. Qxg7+ Bxg7 21. fxg5 dxe3 22. gxh6 Bxh6 23. Be2 Rf2 24. Rde1 b6 25. Nd3 Bg5 26. Kb1 Bb7 27. Rhg1 Be4 28. Ka1 Rxe2 29. Rxe2 Bxd3 0-1

[Event "Titled Tuesday intern op 7th April"]
[Site "Chess.com INT"]
[Date "2020.04.07"]
[Round "8"]
[White "Sailer, Mike L"]
[Black "Sanchez Alvarez, Kelvin Antonio"]
[Result "0-1"]
[WhiteElo "2109"]
[BlackElo "2250"]
[PlyCount "98"]
[EventDate "2020.04.07"]
[EventType "swiss (blitz)"]
[EventRounds "10"]
[EventCountry "USA"]
[SourceTitle "EXT 2021"]
[Source "ChessBase"]
[SourceDate "2020.10.23"]
[SourceVersion "1"]
[SourceVersionDate "2020.10.23"]
[SourceQuality "1"]

1. d4 d5 2. Bf4 Nf6 3. e3 c5 4. Nf3 Nc6 5. c3 Qb6 6. Qb3 c4 7. Qc2 Bf5 8. Qc1 e6 9. Be2 Qa5 10. 0-0 Be7 11. Nbd2 0-0 12. Ne5 Rfc8 13. Ndf3 Nd8 14. h3 Ne4 15. Nd2 Nf6 16. Re1 b5 17. Bf3 Bf8 18. e4 Bg6 19. exd5 Nxd5 20. Bg3 b4 21. Bxd5 exd5 22. Nxg6 hxg6 23. Nf3 Ne6 24. Ne5 bxc3 25. bxc3 Ba3 26. Qd2 Nf8 27. Rab1 Qa6 28. Qf4 Qf6 29. Qxf6 gxf6 30. Ng4 Rc6 31. Ne3 Rd8 32. Rb7 Ra6 33. Reb1 Bd6 34. Bxd6 Rdxd6 35. R1b2 Ne6 36. Nc2 Nf4 37. Kf1 Nd3 38. R2b5 Rxa2 39. Nb4 Nxb4 40. Rxb4 Ra3 41. Rc7 Re6 42. g3 Re8 43. Rb5 Rxc3 44. Rxa7 Rc1+ 45. Kg2 Rc2 46. Rxd5 Ree2 47. h4 Rxf2+ 48. Kh3 f5 49. g4 Rf3# 0-1

[Event "Titled Tuesday intern op1 3rd March  "]
[Site "Chess.com INT"]
[Date "2020.03.03"]
[Round "5"]
[White "Alice, Mateus Felizardo Vi"]
[Black "Sanchez Alvarez, Kelvin Antonio"]
[Result "1-0"]
[WhiteElo "2124"]
[BlackElo "2250"]
[PlyCount "67"]
[EventDate "2020.03.03"]
[EventType "swiss (blitz)"]
[EventRounds "10"]
[EventCountry "USA"]
[SourceTitle "EXT 2021"]
[Source "ChessBase"]
[SourceDate "2020.10.23"]
[SourceVersion "1"]
[SourceVersionDate "2020.10.23"]
[SourceQuality "1"]

1. e4 c5 2. Nf3 d6 3. d4 cxd4 4. Nxd4 Nf6 5. Nc3 g6 6. Be2 Bg7 7. Be3 0-0 8. g4 Nc6 9. g5 Nd7 10. h4 Nxd4 11. Bxd4 Bxd4 12. Qxd4 Qb6 13. 0-0-0 Qxd4 14. Rxd4 Nb6 15. h5 Be6 16. f4 Rac8 17. Bd3 Rc5 18. Kd2 Rfc8 19. hxg6 hxg6 20. f5 gxf5 21. exf5 Bxf5 22. Rdh4 Bxd3 23. cxd3 Rxg5 24. Ne4 Rg2+ 25. Ke3 f5 26. Kf3 Rg6 27. Rh8+ Kf7 28. R8h7+ Ke6 29. Ng3 Rf8 30. Re1+ Kd5 31. Rexe7 f4 32. Ne2 Rgf6 33. Rh5+ Kc6 34. Nd4# 1-0

[Event "Titled Tuesday intern op 3rd March"]
[Site "Chess.com INT"]
[Date "2020.03.03"]
[Round "7"]
[White "Sanchez Alvarez, Kelvin Antonio"]
[Black "Zavgorodniy, Sergiy"]
[Result "1-0"]
[WhiteElo "2250"]
[BlackElo "2425"]
[PlyCount "69"]
[EventDate "2020.03.03"]
[EventType "swiss (blitz)"]
[EventRounds "10"]
[EventCountry "USA"]
[SourceTitle "EXT 2021"]
[Source "ChessBase"]
[SourceDate "2020.10.23"]
[SourceVersion "1"]
[SourceVersionDate "2020.10.23"]
[SourceQuality "1"]

1. d4 Nf6 2. c4 e6 3. Nf3 Bb4+ 4. Nbd2 d5 5. g3 0-0 6. Bg2 dxc4 7. 0-0 b5 8. Ne5 Nd5 9. a4 c6 10. Ne4 f6 11. Nf3 Nd7 12. Qc2 Be7 13. b3 Nb4 14. Qb1 cxb3 15. Qxb3 Nb6 16. axb5 cxb5 17. Nc5 a5 18. Nxe6 Bxe6 19. Qxe6+ Kh8 20. Bd2 Re8 21. Qf5 Qd7 22. Qb1 Nc4 23. Bc3 Nd5 24. Bxa5 Rxa5 25. Rxa5 Nxa5 26. e4 Nc3 27. Qa1 b4 28. Qxa5 Rb8 29. e5 Ne2+ 30. Kh1 b3 31. Qd2 b2 32. Rb1 Qa7 33. Qxe2 Qa1 34. Nd2 Bb4 35. Be4 1-0

[Event "Titled Tuesday intern op1 3rd March  "]
[Site "Chess.com INT"]
[Date "2020.03.03"]
[Round "8"]
[White "Souza Neves, Andrey Marcelo"]
[Black "Sanchez Alvarez, Kelvin Antonio"]
[Result "0-1"]
[WhiteElo "2087"]
[BlackElo "2250"]
[PlyCount "112"]
[EventDate "2020.03.03"]
[EventType "swiss (blitz)"]
[EventRounds "10"]
[EventCountry "USA"]
[SourceTitle "EXT 2021"]
[Source "ChessBase"]
[SourceDate "2020.10.23"]
[SourceVersion "1"]
[SourceVersionDate "2020.10.23"]
[SourceQuality "1"]

1. d4 Nf6 2. c4 g6 3. Nc3 Bg7 4. e4 d6 5. Be2 0-0 6. Bg5 c5 7. d5 e6 8. Nf3 exd5 9. exd5 h6 10. Bh4 Bg4 11. 0-0 Nbd7 12. Bg3 Ne8 13. h3 Bxf3 14. Bxf3 Ne5 15. Be2 f5 16. f4 Nf7 17. Qc2 a6 18. a4 Nc7 19. Rae1 Qd7 20. Bh2 h5 21. Bg3 Bf6 22. Qd1 Kg7 23. Bf3 Rae8 24. Rxe8 Rxe8 25. Re1 Rxe1+ 26. Qxe1 Qe8 27. Qxe8 Nxe8 28. Nd1 Bd4+ 29. Bf2 Bxf2+ 30. Kxf2 h4 31. Ke2 Kf6 32. a5 Ng7 33. Nf2 g5 34. Nd3 gxf4 35. Nxf4 Ne5 36. b3 Ng6 37. Nxg6 Kxg6 38. Kd3 Kf6 39. b4 cxb4 40. Kd4 b3 41. Kc3 Ke5 42. c5 dxc5 43. d6 Kxd6 44. Bxb7 Ne6 45. Bxa6 Nd4 46. Bd3 Kc6 47. a6 Kb6 48. Bf1 f4 49. Bd3 f3 50. gxf3 Nxf3 51. Kxb3 Ng5 52. Bf1 Ne4 53. Kc2 Ng3 54. Bg2 Nf5 55. Kc3 Nd4 56. Kc4 Nc2 0-1

[Event "Titled Tuesday intern op1 4th Febr"]
[Site "Chess.com INT"]
[Date "2020.02.04"]
[Round "3"]
[White "Sanchez Alvarez, Kelvin Antonio"]
[Black "Krysa, Leandro Sergio"]
[Result "0-1"]
[WhiteElo "2250"]
[BlackElo "2523"]
[PlyCount "50"]
[EventDate "2020.02.04"]
[EventType "swiss (blitz)"]
[EventRounds "10"]
[EventCountry "USA"]
[SourceTitle "EXT 2021"]
[Source "ChessBase"]
[SourceDate "2020.10.23"]
[SourceVersion "1"]
[SourceVersionDate "2020.10.23"]
[SourceQuality "1"]

1. d4 Nf6 2. c4 e6 3. Nf3 d5 4. Nc3 dxc4 5. e3 a6 6. Bxc4 b5 7. Be2 Bb7 8. 0-0 Nbd7 9. b3 c5 10. Bb2 Rc8 11. Rc1 Be7 12. a4 b4 13. Nb1 0-0 14. Nbd2 Nd5 15. Nc4 cxd4 16. Qxd4 Bf6 17. Qa7 Bxb2 18. Nxb2 Nc3 19. Bxa6 Bxa6 20. Qxa6 Nc5 21. Qc4 N5xa4 22. Qxb4 Ne2+ 23. Kh1 Rxc1 24. Rxc1 Nxb2 25. Rb1 Nd3 0-1

[Event "Titled Tuesday intern op 3rd Jan"]
[Site "Chess.com INT"]
[Date "2019.12.03"]
[Round "7"]
[White "Sanchez Alvarez, Kelvin Antonio"]
[Black "Smirnov, Alexandr A"]
[Result "1-0"]
[WhiteElo "2250"]
[BlackElo "2136"]
[PlyCount "103"]
[EventDate "2019.12.03"]
[EventType "swiss (blitz)"]
[EventRounds "10"]
[EventCountry "USA"]
[SourceTitle "EXT 2021"]
[Source "ChessBase"]
[SourceDate "2020.10.23"]
[SourceVersion "1"]
[SourceVersionDate "2020.10.23"]
[SourceQuality "1"]

1. d4 Nf6 2. c4 g6 3. Nc3 Bg7 4. e4 0-0 5. Nf3 d6 6. Be2 e5 7. dxe5 dxe5 8. Qxd8 Rxd8 9. Bg5 Re8 10. Nd5 Nxd5 11. cxd5 c6 12. Bc4 cxd5 13. Bxd5 Nc6 14. 0-0 h6 15. Be3 Be6 16. Bxc6 bxc6 17. Rac1 Bxa2 18. Rxc6 Be6 19. Ra1 Reb8 20. Bc1 a5 21. Rc5 a4 22. Nxe5 Bxe5 23. Rxe5 Bb3 24. Bxh6 Re8 25. Rxe8+ Rxe8 26. f3 Rc8 27. Bd2 Rc2 28. Bc3 Kf8 29. h4 Ke7 30. Kh2 Ke6 31. Kg3 f5 32. exf5+ Kxf5 33. Bh8 Rc8 34. Bd4 Rc4 35. Bc3 Rc6 36. Kf2 Ke6 37. g4 Kf7 38. Ke3 Re6+ 39. Kf2 Rc6 40. Be5 Rc2+ 41. Kg3 Re2 42. Kf4 Rh2 43. Kg5 Rf2 44. f4 Rg2 45. h5 gxh5 46. Kxh5 Ke6 47. Rc1 Kd5 48. Kg5 Ke4 49. Rc6 Bd1 50. Rc4+ Ke3 51. f5 Be2 52. Rxa4 1-0

[Event "Titled Tuesday intern op 3rd Jan"]
[Site "Chess.com INT"]
[Date "2019.12.03"]
[Round "5"]
[White "Sanchez Alvarez, Kelvin Antonio"]
[Black "Vovk, Orest"]
[Result "0-1"]
[WhiteElo "2250"]
[BlackElo "2315"]
[PlyCount "158"]
[EventDate "2019.12.03"]
[EventType "swiss (blitz)"]
[EventRounds "10"]
[EventCountry "USA"]
[SourceTitle "EXT 2021"]
[Source "ChessBase"]
[SourceDate "2020.10.23"]
[SourceVersion "1"]
[SourceVersionDate "2020.10.23"]
[SourceQuality "1"]

1. d4 Nf6 2. c4 e6 3. Nf3 Bb4+ 4. Nbd2 Ne4 5. e3 b6 6. a3 Bxd2+ 7. Bxd2 Nxd2 8. Qxd2 Bb7 9. Be2 0-0 10. Qc2 f5 11. 0-0-0 d6 12. Rhg1 Be4 13. Bd3 Bxd3 14. Qxd3 Nd7 15. e4 fxe4 16. Qxe4 Qf6 17. Qc6 Qe7 18. Rge1 h6 19. Kb1 Nf6 20. d5 e5 21. Nd4 Qd7 22. Qxd7 Nxd7 23. Nf3 a5 24. b3 Nc5 25. Kc2 Rf4 26. Rd2 Raf8 27. Rde2 e4 28. Nd2 Rxf2 29. Kc3 Rxe2 30. Rxe2 e3 31. Nf3 Re8 32. b4 axb4+ 33. axb4 Ne4+ 34. Kd4 Nd2 35. Nxd2 exd2 36. Rxd2 Re1 37. Ra2 Rd1+ 38. Ke3 Re1+ 39. Kd2 Re7 40. Ra7 Kf7 41. Kd3 Ke8 42. Ra8+ Kd7 43. Rg8 Rf7 44. Ke2 g5 45. Rg6 Rf4 46. Kd3 Rf2 47. Rxh6 Rxg2 48. Rh7+ Kc8 49. c5 bxc5 50. bxc5 dxc5 51. Kc4 Rc2+ 52. Kb5 Rb2+ 53. Kc6 Rb6+ 54. Kxc5 Rg6 55. Rh8+ Kb7 56. Rh7 g4 57. Rf7 Rh6 58. Rg7 Rxh2 59. Rxg4 Rc2+ 60. Kd4 Kb6 61. Rg6+ Kb5 62. Kd3 Rc1 63. Kd4 Rd1+ 64. Ke5 Re1+ 65. Kd4 Rd1+ 66. Ke5 Rc1 67. Kd4 Rc4+ 68. Kd3 Kb4 69. d6 c5 70. Re6 Rd4+ 71. Ke3 Kc3 72. Rh6 c4 73. Ke2 Rd3 74. Re6 Kc2 75. Ke1 c3 76. Ke2 Rd2+ 77. Ke3 Kc1 78. Ke4 c2 79. Kf5 Kb2 0-1

[Event "Titled Tuesday intern op 5th Nov"]
[Site "Chess.com INT"]
[Date "2019.11.05"]
[Round "5"]
[White "Sanchez Alvarez, Kelvin Antonio"]
[Black "Boros, Denes"]
[Result "0-1"]
[WhiteElo "2250"]
[BlackElo "2448"]
[PlyCount "90"]
[EventDate "2019.11.05"]
[EventType "swiss (blitz)"]
[EventRounds "10"]
[EventCountry "USA"]
[SourceTitle "EXT 2021"]
[Source "ChessBase"]
[SourceDate "2020.10.23"]
[SourceVersion "1"]
[SourceVersionDate "2020.10.23"]
[SourceQuality "1"]

1. d4 Nf6 2. c4 g6 3. Nc3 d6 4. e4 Nbd7 5. Nf3 e5 6. d5 Nc5 7. Qc2 a5 8. h3 Bg7 9. Be3 0-0 10. 0-0-0 a4 11. Nxe5 Nfxe4 12. Nxe4 Nxe4 13. Nf3 Nc5 14. Nd4 Re8 15. Bd3 a3 16. b3 f5 17. Nf3 Bb2+ 18. Kb1 Qf6 19. Be2 Ne4 20. Bd4 Nc3+ 21. Qxc3 Bxc3 22. Bxf6 Bxf6 23. Bd3 Bd7 24. Rhe1 Bc3 25. Rxe8+ Rxe8 26. Kc2 Bb4 27. Bf1 Kf7 28. Rd3 f4 29. Nd4 Re1 30. Rd1 Rxd1 31. Kxd1 Bc5 32. Nc2 Bxf2 33. Bd3 f3 34. Bf1 fxg2 35. Bxg2 Kf6 36. Ke2 Bc5 37. b4 Bf5 38. Nxa3 Bxb4 39. Nb5 Ba5 40. Nd4 Bb1 41. Nb3 Bb4 42. Nc1 Ba3 43. Nb3 Bxa2 44. Na5 b6 45. Nc6 Bxc4+ 0-1

[Event "Titled Tuesday intern op 1st Oct"]
[Site "Chess.com INT"]
[Date "2019.10.01"]
[Round "8"]
[White "Sanchez Alvarez, Kelvin Antonio"]
[Black "Ovetchkin, Roman"]
[Result "1/2-1/2"]
[WhiteElo "2250"]
[BlackElo "2530"]
[PlyCount "73"]
[EventDate "2019.10.01"]
[EventType "swiss (blitz)"]
[EventRounds "10"]
[EventCountry "USA"]
[SourceTitle "EXT 2021"]
[Source "ChessBase"]
[SourceDate "2020.10.23"]
[SourceVersion "1"]
[SourceVersionDate "2020.10.23"]
[SourceQuality "1"]

1. d4 Nf6 2. c4 g6 3. Nc3 Bg7 4. Nf3 0-0 5. e4 d6 6. Be2 e5 7. dxe5 dxe5 8. Qxd8 Rxd8 9. Bg5 Re8 10. Nd5 Nxd5 11. cxd5 c6 12. Bc4 cxd5 13. Bxd5 Nd7 14. Rc1 h6 15. Be3 Nf6 16. 0-0 Nxd5 17. exd5 Rd8 18. Rfd1 e4 19. Nd2 Bg4 20. f3 exf3 21. Nxf3 b6 22. b3 Rd7 23. Rc2 Rad8 24. Rcd2 Bf5 25. Nd4 Rxd5 26. Nxf5 Rxd2 27. Rxd2 Rxd2 28. Ne7+ Kf8 29. Nxg6+ fxg6 30. Bxd2 Ke7 31. Kf2 Ke6 32. Ke3 Kd5 33. Kd3 b5 34. a4 a6 35. axb5 axb5 36. h3 h5 37. Bb4 1/2-1/2

[Event "Titled Tuesday intern op 1st Oct"]
[Site "Chess.com INT"]
[Date "2019.10.01"]
[Round "10"]
[White "Sanchez Alvarez, Kelvin Antonio"]
[Black "Vovk, Orest"]
[Result "0-1"]
[WhiteElo "2250"]
[BlackElo "2315"]
[PlyCount "92"]
[EventDate "2019.10.01"]
[EventType "swiss (blitz)"]
[EventRounds "10"]
[EventCountry "USA"]
[SourceTitle "EXT 2021"]
[Source "ChessBase"]
[SourceDate "2020.10.23"]
[SourceVersion "1"]
[SourceVersionDate "2020.10.23"]
[SourceQuality "1"]

1. d4 d5 2. c4 Bf5 3. Nc3 e6 4. cxd5 exd5 5. Qb3 Nc6 6. e4 Bxe4 7. Qxb7 Nxd4 8. Nxe4 dxe4 9. Qxe4+ Qe7 10. Bd3 Qxe4+ 11. Bxe4 Bb4+ 12. Kf1 0-0-0 13. Be3 Nf6 14. Bd3 Kb8 15. Ne2 Nf3 16. Bc2 Nd2+ 17. Kg1 Nc4 18. Bd4 Rhe8 19. Bd3 Rxe2 20. Bxc4 Rd2 21. Be3 Rd1+ 22. Rxd1 Rxd1+ 23. Bf1 Ne4 24. g3 Bd2 25. Bd4 Be1 26. Be3 Bd2 27. Bd4 f6 28. Kg2 Ba5 29. Be3 Bb6 30. Bc4 Rxh1 31. Kxh1 Nxf2+ 32. Bxf2 Bxf2 33. Kg2 Bd4 34. b3 c6 35. Kf3 Kc7 36. Bd3 h6 37. h4 Kd6 38. Bc4 Kc5 39. Ke4 Bf2 40. Kf3 Be1 41. h5 Kb4 42. g4 Ka3 43. Ke4 Kxa2 44. Kf5 Ka3 45. Ke6 Kb4 46. Kf7 Bd2 0-1

[Event "Titled Tuesday intern op 3rd Sept"]
[Site "Chess.com INT"]
[Date "2019.09.03"]
[Round "6"]
[White "Arman, Deniz"]
[Black "Sanchez Alvarez, Kelvin Antonio"]
[Result "1-0"]
[WhiteElo "2367"]
[BlackElo "2250"]
[PlyCount "93"]
[EventDate "2019.09.03"]
[EventType "swiss (blitz)"]
[EventRounds "10"]
[EventCountry "USA"]
[SourceTitle "EXT 2021"]
[Source "ChessBase"]
[SourceDate "2020.10.23"]
[SourceVersion "1"]
[SourceVersionDate "2020.10.23"]
[SourceQuality "1"]

1. e4 c5 2. Nf3 d6 3. d4 cxd4 4. Nxd4 Nf6 5. f3 g6 6. c4 Bg7 7. Nc3 0-0 8. Be3 Nc6 9. Nc2 a5 10. Be2 a4 11. Na3 Nd7 12. Qd2 Nc5 13. Rc1 Be6 14. Nd5 f5 15. exf5 gxf5 16. Bh6 Rf7 17. 0-0 Bxd5 18. cxd5 Ne5 19. Bxg7 Rxg7 20. Qd4 Qb6 21. f4 Ng4 22. Bxg4 Rxg4 23. Nc4 Qb5 24. Ne3 Rg6 25. Nxf5 Kf7 26. Rce1 Re8 27. Qe3 Qxb2 28. Rf2 Qf6 29. Nd4 Rg7 30. f5 Kg8 31. Ne6 Nxe6 32. fxe6 Qg5 33. Qb6 Qxd5 34. Qe3 Qg5 35. Qe4 d5 36. Qxa4 Rd8 37. Qa3 h6 38. Ref1 Kh7 39. Qd3+ Kh8 40. Qe2 Rdg8 41. g3 d4 42. Rf5 Qg6 43. Qd2 Kh7 44. Re5 d3 45. Rf3 Qg4 46. Qxd3+ Rg6 47. Rf7+ 1-0

[Event "Titled Tuesday intern op 3rd Sept"]
[Site "Chess.com INT"]
[Date "2019.09.03"]
[Round "9"]
[White "Rastbod, Ali"]
[Black "Sanchez Alvarez, Kelvin Antonio"]
[Result "1-0"]
[WhiteElo "2287"]
[BlackElo "2250"]
[PlyCount "65"]
[EventDate "2019.09.03"]
[EventType "swiss (blitz)"]
[EventRounds "10"]
[EventCountry "USA"]
[SourceTitle "EXT 2021"]
[Source "ChessBase"]
[SourceDate "2020.10.23"]
[SourceVersion "1"]
[SourceVersionDate "2020.10.23"]
[SourceQuality "1"]

1. c4 Nf6 2. Nf3 g6 3. b3 Bg7 4. Bb2 0-0 5. g3 c5 6. Bg2 d6 7. 0-0 Nc6 8. d4 Nd7 9. e3 Nb6 10. h3 Bf5 11. Nc3 a5 12. d5 Ne5 13. Nxe5 Bxe5 14. e4 Bd7 15. Qd2 a4 16. Ne2 Bxb2 17. Qxb2 Qc8 18. Kh2 f6 19. f4 Rf7 20. e5 Bf5 21. e6 Rg7 22. Qc3 h5 23. Bf3 Rh7 24. Kg2 g5 25. fxg5 fxg5 26. Bxh5 Bxh3+ 27. Kxh3 Rxh5+ 28. Kg4 Rh7 29. Rh1 Qf8 30. Rxh7 Kxh7 31. Rh1+ Kg6 32. Qd3+ Kg7 33. Rh7+ 1-0